000 01004cab a2200265 4500
001 WB3518-13
008 090401t1999 xxu||||| |||| 00| 0 eng d
035 _a(Sirsi) u93292
041 _aeng
245 _aNew national force for regeneration and development
260 _c1999
350 _a0
490 _aEnglish Partnerships Press Release
_v(628) 10 May 1999
490 _aFinancial Times
_v12 May 1999, 14(5)
520 _aA new regeneration agency has been set up, in an attempt to make more brownfield land available for residential development. The new body will consist of English Partnerships and the Commission for New Towns and will continue to be known as English Partnerships.
650 _aBROWNFIELD SITES
650 _aCOMMISSION FOR NEW TOWNS
650 _aENGLISH PARTNERSHIPS
650 _aREGENERATION
650 _aREGIONAL DEVELOPMENT AGENCY
650 _aRESIDENTIAL DEVELOPMENT
690 _aPROPERTY-PROPERTY DEVELOPMENT
942 _n0
948 _c12/05/1999
999 _c59138
_d59138